000 00297nam a2200121Ia 4500
008 150201s2008 xx 000 0 und d
082 _a603
_bO08O
100 _aOXFORD
245 _aOXFORD ENGLISH REFERENCE DICTIONARY
260 _bOXFORD
_aNEW YORK
_c2008
650 _aDICTIONARIES
942 _2ddc
_cBK
999 _c869
_d869